IGYEIH Lyrics - Statistics

General Stats
  • This quiz has been taken 5 times
  • The average score is 16 of 23
Answer Stats
Lyrics % Correct
I give you {everything} {I} {have}
100%
All you give me is {your} {ugliness}
80%
And I'm so tired of this {wishful} {thinking}
80%
Drownin', {sinking}
80%
Forgotten doesn't mean that it's {forgiven} {this} {time}
80%
From now on, {I} {don}'{t} {need} {you}
80%
I'm not the {enemy}
80%
I'm tryin' to {remember} how to make up my mind
80%
I write all the {memories} down
80%
Just a devil with a {god} {complex}
80%
{Left} with nothing left
80%
When this {happens} again
80%
You {make} {me} out to be
80%
You're not as {honest} as you act
80%
All over {my} {skin}
60%
And the clock keeps {tickin}', the rules aren't {written}
60%
From now on, {got} {amnesia}
60%
Hopin' it'll {snap} {me} {out}
60%
I'm crackin' and {opened} {wide}
60%
I never {say} {stop}
60%
The clock keeps {tickin}', the rules aren't {written}
60%
Dyin' for {one} {drop}
40%
Your {remedies} hypnotize
40%
No matching quizzes found
Score Distribution
Percent of People with Each Score
Percentile by Number Answered
Your Score History
You have not taken this quiz